NHL States & Provinces Quiz Stats

 Plays Quiz Updated Jul 8, 2021

Support Sporcle.
Go Orange.
Score 0/24 Timer 03:00
3 Plays Today
% Correct
???
75%
???
72.2%
???
71.9%
???
69.1%
???
67.4%
???
66.9%
???
63.2%
???
61.2%
???
58.4%
???
54.6%
???
54.6%
???
54.3%
% Correct
???
53.5%
???
52%
???
51.3%
???
48%
???
45.9%
???
45.9%
???
45.8%
???
43.3%
???
40.1%
???
37.4%
???
37.2%
???
5.2%

You're not logged in!

Compare scores with friends on all Sporcle quizzes.
OR
Log In
Forgot?

From the Vault

Countries Before & After

by jimmyrickards

If late-night cable has taught us anything, it's that you can never trust before & after pictures.
Remove Ads.
Support Sporcle.
Get the best of Sporcle when you Go Orange. This ad-free experience offers more features, more stats, and more fun while also helping to support Sporcle. Thank you for becoming a member.

Show Comments

Extras

Top Quizzes Today


Score Distribution

Your Account Isn't Verified!

In order to create a playlist on Sporcle, you need to verify the email address you used during registration. Go to your Sporcle Settings to finish the process.

Report this User

Report this user for behavior that violates our Community Guidelines.

Details: